000 00293nam a2200145Ia 4500
100 _aSmith/R.J/ Dorf R.C
942 _cBK
654 _asystems
245 _aCircuits
260 _bJohn wiley
_aNew York
_c1992
082 _a621.3
_bPAN
300 _a751
546 _aENGLISH
999 _c22133
_d22133